000 00519nam a22001697a 4500
005 20241115112104.0
008 241115b |||||||| |||| 00| 0 eng d
020 _a9780139115127
050 _aQA152.2
_b.B586
100 _aBlitzer, Robert
245 _aMathPro Explorer CD 3.0/
_bintroductory algebra for college students
_cRobert Blitzer
250 _a2nd Ed.
260 _aUpper Saddle River, New Jersey
_bPrentice Hall
_c1998
300 _a43pages
_bill.
_c25.5cm
650 _2Algebra
942 _2lcc
_cBK
_e2nd Ed.
_n0
999 _c1239
_d1239